Film bibliografický súpis kníh, zborníkov a článkov z novín a časopisov za rok ...

Bibliographic Details
Other Authors: Viskupová, Etela (Compiler), Nagyová, Margita (Compiler)
Format: Serial
Language:Slovak
PhysicalDescription:zv. 30 cm
Published: Bratislava Slovenský filmový ústav - Národné kinematografické centrum
ISBN:808518706X (brož. : 1991, vydané v r. 1996)
8085187183 (hrebeňová väzba: 1994, vydané v r. 2004)
8085187078 (brož. : 1992, vydané v r. 1994)
8085187248 (brož. : 1993, vydané v r. 2001)
Subjects:

MARC

LEADER 00000cas a2200000 a 4500
001 vtls001482511
003 SK-MaSNL
005 20260331204025.0
008 131003uuuuuuuuuxo uu | 0 0 0slo
015 |a SNBSAB1997-00092 (1996)  |a SNBSAB2002-00023 (2001)  |a SNBSAB2002-00152 (2002) 
020 |a 808518706X (brož. : 1991, vydané v r. 1996) 
020 |a 8085187183 (hrebeňová väzba: 1994, vydané v r. 2004) 
020 |a 8085187078 (brož. : 1992, vydané v r. 1994) 
020 |a 8085187248 (brož. : 1993, vydané v r. 2001) 
035 |a SNK000437808 
040 |a SNK  |b slo  |c SNK  |e AACR2 
041 0 |a slo 
044 |a xo  |c SK 
072 7 |a 791  |x Film. Cirkus. Ľudová zábava  |2 konspekt 
080 |a (01)  |2 2011 
080 |a 791.2  |2 2011 
080 |a 791.622  |2 2011 
100 1 |a Viskupová, Etela  |4 com  |9 268410 
245 1 0 |a Film  |b bibliografický súpis kníh, zborníkov a článkov z novín a časopisov za rok ...  |c [spracovala: Etela Viskupová] 
260 |a Bratislava  |b Slovenský filmový ústav - Národné kinematografické centrum 
300 |a zv.  |c 30 cm 
310 |a Periodicita nie je známa 
500 |a Súčasťou podnázvu je označenie bežného roku 
500 |a Názov z obalu 
500 |a Popis podľa: R. 1991 (vydané v r. 1996) 
500 |a Podnázov v tiráži v r. 1993: bibliografia kníh, zborníkov a článkov z novín a časopisov za rok ... 
500 |a Podnázov v r. 2001: bibliografický súpis článkov o slovenskom filme a slovenských filmových tvorcoch z domácich a zahraničných novín a časopisov za rok ... 
500 |a Zost.: 2001, Margita Nagyová 
504 |a Registre 
650 0 7 |a filmy  |2 SNKPH  |9 3250 
650 0 7 |a kinematografia  |2 SNKPH  |9 3169 
655 7 |a bibliografie  |2 SNKPH  |9 28668 
700 1 |a Nagyová, Margita  |4 com  |9 268411 
710 2 |a Slovenský filmový ústav.  |b Národné kinematografické centrum  |4 pbl  |9 230613 
919 |a 80-85187-18-3 
919 |a 80-85187-06-X 
919 |a 80-85187-07-8 
919 |a 80-85187-24-8 
999 |c 5010  |d 6940 
952 |a SNK  |b SNK  |y PREZ  |7 0  |p 17A0122157  |o snkČSB 4593/1991  |i snkKSP 1225/98  |z Vydané v r. 1996  |0 0  |1 0  |4 0  |d 1998-02-09  |l 0  |r 2005-01-02 00:00:00  |w 2026-02-21 
952 |a SNK  |b SNK  |y PREZ  |7 0  |p 17A0431648  |o snkČSB 4593/1994  |i snkPV 1299/2004  |z Vydané v r. 2004  |0 0  |1 0  |4 0  |d 2004-09-27  |l 0  |r 2005-01-02 00:00:00  |w 2026-02-21 
952 |a SNK  |b SNK  |y PREZ  |7 0  |p 17A0431649  |o snkČSB 4593/1994 D1  |i snkPV 1300/2004  |z Vydané v r. 2004  |0 0  |1 0  |4 0  |d 2004-09-27  |l 0  |r 2005-01-02 00:00:00  |w 2026-02-21 
952 |a SNK  |b SNK  |y PREZ  |7 0  |p 17A0342188  |o snkČSB 4593/1993  |i snkKSP 4903/2002  |z Vydané v r. 2001  |0 0  |1 0  |4 0  |d 2002-04-29  |l 0  |r 2005-01-02 00:00:00  |w 2026-02-21 
952 |a SNK  |b SNK  |y PREZ  |7 0  |p 17A0342189  |o snkČSB 4593/1993 D1  |i snkKSP 4904/2002  |z Vydané v r. 2001  |0 0  |1 0  |4 0  |d 2002-04-29  |l 0  |r 2005-01-02 00:00:00  |w 2026-02-21 
952 |t P60, <09>, [BOOK], {629}  |a SNK  |b SNK  |y NEVYP  |7 0  |o snkB 1257  |i snk4114/961204  |0 0  |1 0  |4 0  |d 1996-05-03  |l 0  |r 2005-01-01 00:00:00  |w 2026-02-21 
952 |a SNK  |b SNK  |y PREZ  |7 0  |p 17A1325630  |o snkČSB 4593/1992  |i snkKSP 9055/96  |z Vydané v r. 1994  |0 0  |1 0  |4 0  |d 1996-05-03  |l 0  |r 2005-01-01 00:00:00  |w 2026-02-21 
952 |a SNK  |b SNK  |y PREZ  |7 0  |p 17A1325631  |o snkČSB 4593/1992 D1  |i snkKSP 9056/96  |z Vydané v r. 1994  |0 0  |1 0  |4 0  |d 1996-05-03  |l 0  |r 2005-01-01 00:00:00  |w 2026-02-21 
952 |a SNK  |b SNK  |y PREZ  |7 0  |p 17A0452406  |o snkČSB 4593/2001  |i snkKSP 2961/2003  |z Vydané v r. 2002  |0 0  |1 0  |4 0  |d 2003-02-26  |l 0  |r 2005-01-02 00:00:00  |w 2026-02-21